Iblisa. (Record no. 60169)

MARC details
000 -LEADER
fixed length control field 00481cam a22002051 4500
001 - CONTROL NUMBER
control field sa 64007320
003 - CONTROL NUMBER IDENTIFIER
control field DLC
005 - DATE AND TIME OF LATEST TRANSACTION
control field 20260227112045.0
008 - FIXED-LENGTH DATA ELEMENTS--GENERAL INFORMATION
fixed length control field 831213s1963 xx 000 0 maro
010 ## - LIBRARY OF CONGRESS CONTROL NUMBER
LC control number sa 64007320
035 ## - SYSTEM CONTROL NUMBER
System control number (OCoLC)16763254
040 ## - CATALOGING SOURCE
Original cataloging agency DLC
Transcribing agency OrPS
Modifying agency DLC
042 ## - AUTHENTICATION CODE
Authentication code premarc
050 00 - LIBRARY OF CONGRESS CALL NUMBER
Classification number PK2418.B328
Item number I2
100 1# - MAIN ENTRY--PERSONAL NAME
Personal name Bāvakara, Purushottama Vāmana.
245 10 - TITLE STATEMENT
Title Iblisa.
260 ## - PUBLICATION, DISTRIBUTION, ETC.
Date of publication, distribution, etc. [1963]
300 ## - PHYSICAL DESCRIPTION
Extent 110 p.
Dimensions 19 cm.
500 ## - GENERAL NOTE
General note Romanized.

No items available.

Powered by Koha